Normal view
MARC view
- Mohammad Faran Ahahid | Muhammad Muneeb
Entry Personal Name
001 - CONTROL NUMBER
- control field: 5638
003 - CONTROL NUMBER IDENTIFIER
- control field: NUST
005 - DATE AND TIME OF LATEST TRANSACTION
- control field: 20171025122350.0
008 - FIXED-LENGTH DATA ELEMENTS
- fixed length control field: 171025|| aca||aabn | a|a d
040 ## - CATALOGING SOURCE
- Original cataloging agency: NUST
- Transcribing agency: NUST
100 ## - HEADING--PERSONAL NAME
- Personal name: Mohammad Faran Ahahid | Muhammad Muneeb
670 ## - SOURCE DATA FOUND
- Source citation: Work cat.: (NUST): Mohammad Faran Ahahid | Muhammad Muneeb, Trans-Secure, 2017
